000 00535ntaaa2200193 4500
003 01
005 20251027203122.0
008 0714s1973 ag 01
040 _aAR-BaBN
_bspa
_cAR-BaBN
_eaacr
_dRIC
082 _a267.4000 C26
100 _aCasa Bautista de Publicaciones
_99284
245 _aPlan "obreras" de la sociedad femenil misionera
250 _a1 ed.
260 _aEl Paso :
_bCasa Bta. de Publicaciones,
_cs.f.
300 _a8 p
650 _aSociedad femenil misionera
_910447
650 _aEvangelismo
_9336
942 _cBK
999 _c26657
_d26657